The economies of the Soviet Bloc : (Record no. 71383)
[ view plain ]
| 000 -LEADER | |
|---|---|
| fixed length control field | 00785cam a22002651i 4500 |
| 001 - CONTROL NUMBER | |
| control field | 2517541 |
| 003 - CONTROL NUMBER IDENTIFIER | |
| control field | BD-DhUL |
| 005 - DATE AND TIME OF LATEST TRANSACTION | |
| control field | 20190523100545.0 |
| 008 - FIXED-LENGTH DATA ELEMENTS--GENERAL INFORMATION | |
| fixed length control field | 720114s1964 nyu b 000 0 eng |
| 010 ## - LIBRARY OF CONGRESS CONTROL NUMBER | |
| LC control number | 63017602 |
| 035 ## - SYSTEM CONTROL NUMBER | |
| System control number | (OCoLC)221070 |
| 035 ## - SYSTEM CONTROL NUMBER | |
| System control number | (OCoLC)ocm00221070 |
| 035 ## - SYSTEM CONTROL NUMBER | |
| System control number | (NNC)2517541 |
| 040 ## - CATALOGING SOURCE | |
| Modifying agency | BD-DhUL |
| Transcribing agency | BD-DhUL |
| 050 0# - LIBRARY OF CONGRESS CALL NUMBER | |
| Classification number | HC244 |
| Item number | .W38 |
| 082 ## - DEWEY DECIMAL CLASSIFICATION NUMBER | |
| Classification number | 338.947 |
| Item number | WEE |
| 090 ## - LOCALLY ASSIGNED LC-TYPE CALL NUMBER (OCLC); LOCAL CALL NUMBER (RLIN) | |
| Classification number (OCLC) (R) ; Classification number, CALL (RLIN) (NR) | HC244 |
| Local cutter number (OCLC) ; Book number/undivided call number, CALL (RLIN) | .W46 |
| 100 1# - MAIN ENTRY--PERSONAL NAME | |
| Personal name | Wellisz, Stanislaw. |
| 245 14 - TITLE STATEMENT | |
| Title | The economies of the Soviet Bloc : |
| Remainder of title | a study of decision making and resource allocation / |
| Statement of responsibility, etc. | Stanislaw Wellisz. |
| 260 ## - PUBLICATION, DISTRIBUTION, ETC. (IMPRINT) | |
| Place of publication, distribution, etc. | New York : |
| Name of publisher, distributor, etc. | McGraw-Hill, |
| Date of publication, distribution, etc. | c1964. |
| 300 ## - PHYSICAL DESCRIPTION | |
| Extent | vi, 245 p. ; |
| Dimensions | 21 cm. |
| 504 ## - BIBLIOGRAPHY, ETC. NOTE | |
| Bibliography, etc | Bibliographical footnotes. |
| 651 #0 - SUBJECT ADDED ENTRY--GEOGRAPHIC NAME | |
| Geographic name | Eastern Europe |
| General subdivision | Economic policy. |
| 942 ## - ADDED ENTRY ELEMENTS (KOHA) | |
| Source of classification or shelving scheme | |
| Koha item type | Books |
| Price effective from | Date last seen | Permanent Location | Not for loan | Date acquired | Source of classification or shelving scheme | Koha item type | Lost status | Withdrawn status | Copy number | Source of acquisition | Collection code | Damaged status | Shelving location | Barcode | Current Location | Full call number |
|---|---|---|---|---|---|---|---|---|---|---|---|---|---|---|---|---|
| 2016-05-29 | 2016-05-29 | Dhaka University Library | 1975-06-06 | Books | 3 | Purchased | Non Fiction | General Stacks | A130752 | Dhaka University Library | 338.947 WEE | |||||
| 2016-05-29 | 2016-05-29 | Dhaka University Library | 1975-06-06 | Books | 1 | Purchased | Non Fiction | General Stacks | A45783 | Dhaka University Library | 338.947 WEE | |||||
| 2016-05-29 | 2016-05-29 | Dhaka University Library | 1975-06-06 | Books | 2 | Purchased | Non Fiction | General Stacks | A45784 | Dhaka University Library | 338.947 WEE |
